Veterinary drug handbook

Wedi'i Gadw mewn:
Manylion Llyfryddiaeth
Prif Awdur: Plumb, Donald C
Fformat: Llyfr
Iaith:Undetermined
Cyhoeddwyd: Ames, Iowa Iowa State Press 2002
Pynciau:
Tagiau: Ychwanegu Tag
Dim Tagiau, Byddwch y cyntaf i dagio'r cofnod hwn!
Thư viện lưu trữ: Trung tâm Học liệu Trường Đại học Cần Thơ
LEADER 00525nam a2200193Ia 4500
001 CTU_102615
008 210402s9999 xx 000 0 und d
020 |c 88.15 
082 |a 636.089 
082 |b P736 
100 |a Plumb, Donald C 
245 0 |a Veterinary drug handbook 
245 0 |c Donald C. Plumb 
260 |a Ames, Iowa 
260 |b Iowa State Press 
260 |c 2002 
650 |a Veterinary drugs,Veterinary pharmacology 
904 |i Năm, H. Mai 
980 |a Trung tâm Học liệu Trường Đại học Cần Thơ